000 00591nam a22002057a 4500
003 OSt
005 20140310181915.0
008 130716t xxu||||| |||| 00| 0 eng d
050 _aPZ 7
_b.Se439 1994
082 _aTR 372.64
_bSe1m 1994
100 _aSearl, Duncan
_9690
245 _aMatilda :
_ba study guide /
_cDuncan Searl.
260 _aNew York :
_bLearning Links Inc,
_cc1994.
300 _a24 p. ;
_c28 cm.
521 _aFaculty
541 _j1
562 _e1
650 _2Literature--Study and teaching (Elementary)--Activity programs
942 _2lcc
_cBK-TR
_kTR
999 _c6709
_d6709